Lord of the Rings Triples Quiz Stats

Quiz Updated Aug 27, 2012

Challenge
Share
Tweet
Embed
Score 0/60 Timer 05:00
4 Plays Today
Triple# Term % Correct
1-2-3The Hobbit
80.7%
4-5-6The Hobbit
80.7%
7-8-9The Hobbit
80.7%
1-2-3Two Towers
80.1%
4-5-6Two Towers
80.1%
7-8-9Two Towers
80.1%
1-2-3The Nazgûl
80.1%
4-5-6The Nazgûl
80.1%
7-8-9The Nazgûl
80.1%
1-2-3Rivendell
78.7%
4-5-6Rivendell
78.7%
7-8-9Rivendell
78.7%
1-2-3Sam Gamgee
77.9%
7-8-9Sam Gamgee
77.9%
4-5-6Sam Gamgee
77.9%
1-2-3Mount Doom
69.2%
4-5-6Mount Doom
69.2%
7-8-9Mount Doom
69.2%
1-2-3Galadriel
67.6%
4-5-6Galadriel
67.6%
7-8-9Galadriel
67.6%
1-2-3Shadowfax
66.5%
4-5-6Shadowfax
66.5%
7-8-9Shadowfax
66.5%
1-2-3Treebeard
64.9%
4-5-6Treebeard
64.9%
7-8-9Treebeard
64.9%
1-2-3Osgiliath
62.8%
4-5-6Osgiliath
62.8%
7-8-9Osgiliath
62.8%
Triple# Term % Correct
1-2-3The Balrog
60.8%
4-5-6The Balrog
60.8%
7-8-9The Balrog
60.8%
4-5-6Helm's Deep
60.1%
7-8-9Helm's Deep
60.1%
1-2-3Helm's Deep
60%
1-2-3Black Gate
56.2%
4-5-6Black Gate
56.2%
7-8-9Black Gate
56.2%
1-2-3Witch King
47.3%
4-5-6Witch King
47.3%
7-8-9Witch King
47.3%
1-2-3Old Forest
45.2%
4-5-6Old Forest
45.2%
7-8-9Old Forest
45.2%
1-2-3Gil-Galad
42.7%
4-5-6Gil-Galad
42.7%
7-8-9Gil-Galad
42.7%
1-2-3Fourth Age
38.9%
4-5-6Fourth Age
38.9%
7-8-9Fourth Age
38.9%
1-2-3Palantiri
36.6%
4-5-6Palantiri
36.6%
7-8-9Palantiri
36.6%
1-2-3Fell Beast
35%
4-5-6Fell Beast
35%
7-8-9Fell Beast
35%
1-2-3Dunharrow
32.9%
4-5-6Dunharrow
32.9%
7-8-9Dunharrow
32.9%

You're not logged in!

Compare scores with friends on all Sporcle quizzes.
Sign Up with Email
OR
Log In

You Might Also Like...

Show Comments

Extras

Top Quizzes Today


Score Distribution

Your Account Isn't Verified!

In order to create a playlist on Sporcle, you need to verify the email address you used during registration. Go to your Sporcle Settings to finish the process.